000 01398nam a22002777a 4500
001 5298
003 FISKH
005 20241125102634.0
008 241125b cb ||||| |||| 00| 0 eng d
020 _a9780593048054
040 _aFISKH
_beng
_cFISKH
_dFISKH
050 _aPR6055.L79
082 _a813
100 _aElton, Ben
245 _aDead Famous /
_cby Ben Elton
260 _aLondon :
_bBantam Press :
_c2001 .
300 _a339 pages :
_billustrations ;
_c20 cm .
505 _aZ
520 _aOne house. Ten contestants. Thirty cameras. Forty microphones. Yet again the public gorges its voyeuristic appetite as another group of unknown and unremarkable people submit themselves to the brutal exposure of the televised real-life soap opera, House Arrest. Everybody knows the rules: total strangers are forced to live together while the rest of the country watches them do it. Who will crack first? Who will have sex and with whom? Who will the public love and who will they hate? All the usual questions. And then, suddenly, there are some new ones. Who is the murderer? How did he or she manage to kill under the constant gaze of the thirty television cameras? Why did they do it? And who will be next?
521 8 _a900
_bLexile
521 8 _aZ
_bRaz-Plus
650 _areality tv
_vFiction
650 _asatire
_vFiction
942 _2ddc
_cBK
_n0
999 _c5298
_d5298